000 00860cam a22002414a 4500
001 12281602
005 20240829110525.0
008 010118s2002 caua b 001 0 eng
020 _a9780767421522
050 0 0 _aBF76.5
_b.B67 2002
082 0 0 _a150/.7/2
_221
100 1 _aBordens, Kenneth S.
245 1 0 _aResearch design and methods :
_ba process approach /
_cKenneth S. Bordens, Bruce B. Abbott.
250 _a5th ed.
260 _aBoston :
_bMcGraw Hill,
_cc2002.
300 _axv, 490 p. :
_bill. ;
_c24 cm.
650 0 _aPsychology
_xResearch
_vTextbooks.
650 0 _aPsychology
_xResearch
_xMethodology
_vTextbooks.
700 1 _aAbbott, Bruce B.
856 4 2 _3Publisher description
_uhttp://www.loc.gov/catdir/description/mh024/2001018697.html
856 4 1 _3Table of contents
_uhttp://www.loc.gov/catdir/toc/mh023/2001018697.html
942 _2lcc
_cBK
_n0
999 _c24
_d24